| Tag |
First Indicator |
Second Indicator |
Subfields |
| LEADER |
00000cam a2200000 a 4500 |
| 001 |
in00002782481 |
| 005 |
20211120170450.0 |
| 006 |
m o d f |
| 007 |
cr cn||||||||| |
| 008 |
121127s2012 dcua o6 f000 0 eng c |
| 035 |
|
|
|a (OCoLC)ocn819418988
|
| 040 |
|
|
|a GPO
|c GPO
|d GPO
|d MvI
|d UtOrBLW
|
| 042 |
|
|
|a pcc
|
| 043 |
|
|
|a n-us---
|
| 049 |
|
|
|a WWW
|
| 074 |
|
|
|a 0982-G-11 (online)
|
| 086 |
0 |
|
|a TD 2.30:12-069
|
| 245 |
0 |
0 |
|a Modeling complex behaviors and interactions :
|b new methods to assist decisionmaking and system operations.
|
| 264 |
|
1 |
|a [Washington, D.C.] :
|b [U.S. Dept. of Transportation, Federal Highway Administration],
|c [2012?]
|
| 300 |
|
|
|a 1 online resource (2 pages) :
|b color illustrations
|
| 336 |
|
|
|a text
|b txt
|2 rdacontent
|
| 337 |
|
|
|a computer
|b c
|2 rdamedia
|
| 338 |
|
|
|a online resource
|b cr
|2 rdacarrier
|
| 490 |
1 |
|
|a The Exploratory Advanced Research Program fact sheet
|
| 500 |
|
|
|a "Publication Number FHWA-HRT-12-069, HRTM-30/10-12(1M)E"--P. [2].
|
| 500 |
|
|
|a Title from title screen (viewed on Nov. 27, 2012).
|
| 500 |
|
|
|a Electronic resource.
|
| 610 |
2 |
0 |
|a Exploratory Advanced Research Program (U.S.)
|
| 650 |
|
0 |
|a Regional planning
|z United States
|x Simulation methods.
|
| 650 |
|
0 |
|a Transportation
|z United States
|x Planning
|x Simulation methods.
|
| 710 |
1 |
|
|a United States.
|b Federal Highway Administration.
|
| 776 |
0 |
8 |
|i Print version:
|t Modeling complex behaviors and interactions
|w (OCoLC)819417366
|
| 830 |
|
0 |
|a Exploratory Advanced Research Program fact sheet.
|
| 856 |
4 |
0 |
|u https://purl.fdlp.gov/GPO/gpo31678
|t 0
|
| 999 |
|
|
|a MARS
|
| 999 |
f |
f |
|s 9b1a9c32-74af-304e-8e3c-d47ef0c36bc9
|i 9ec197b8-5150-3d3b-87fc-1f87891eff06
|t 0
|
| 952 |
f |
f |
|a Texas A&M University
|b College Station
|c Electronic Resources
|d Available Online
|t 0
|e TD 2.30:12-069
|h Superintendent of Documents classification
|
| 998 |
f |
f |
|a TD 2.30:12-069
|t 0
|l Available Online
|